| 000 | 00746nam a2200229Ia 4500 | ||
|---|---|---|---|
| 001 | 2963 | ||
| 003 | GE_BSU | ||
| 008 | 181216s||||||||xx |||||||||||||| ||und|| | ||
| 040 | _cGE_BSU | ||
| 080 | _a621.43(035.3) | ||
| 100 | _aЗимин,А.А. | ||
| 245 | _aГидравлические расчеты нефтепродуктов и насосных станций. | ||
| 245 | _bСправочник. | ||
| 245 | _cВед. ред. М.М.Новикова. | ||
| 260 | _aМ. | ||
| 260 | _bГостоптехиздат. | ||
| 260 | _c1962. | ||
| 300 | _a110 стр.20 см. | ||
| 300 | _eтабл. | ||
| 653 | _aГидравлические расчеты нефтепродуктов и насосных станций. | ||
| 942 | _cBK | ||
| 999 |
_c37011 _d37011 |
||